000 00985nam a2200313 i 4500
001 11459
003 ES-MaACL
005 20250901102341.0
007 t|
008 921116s1992 sp a |||| | spa
020 _a84-7100-494-1
080 _a355.32(460)"15/17"
080 _a656.61(460)"15/17"
080 _a929(460)"15/17"
080 _a339(8=60)"15/17"
100 1 _aTorres Ramírez, Bibiano.
_9111006
245 1 3 _aLa Marina en el gobierno y administración de Indias /
_cBibiano Torres.
260 _aMadrid :
_bMAPFRE,
_c[1992]
300 _a272 p. :
_bil. ;
_c23 cm.
490 1 _aMar y América ;
_v14
500 _aÍndices.
504 _aBibliografía: p. 253-257.
650 4 _aMarina de guerra-
_zEspaña-
_yS.XVI-XVIII.
_914785
650 4 _aMarina mercante-
_zEspaña
_914791
650 1 7 _aComercio-
_zAmérica española
_2
_9169141
830 1 0 _aColección Mar y América
_v14
_9228196
852 _aES-MaACL
_jL-18784
999 _c11459
_d11459